Pays à partir de ville ! Facile - Statistiques

Statistiques générales
  • Ce quiz a été pris 122 fois
  • Le résultat moyen est 13 sur 15
Statistiques - réponses
Hint Réponse % Correct
Sydney Australie
99%
Lyon France
99%
Chicago États-Unis
97%
Naples Italie
97%
Munich Allemagne
96%
Osaka Japon
96%
Guatemala City Guatemala
95%
Saint-Pétersbourg Russie
95%
Alexandrie Égypte
93%
Nairobi Kenya
84%
Lagos Nigeria
71%
Busan Corée du Sud
68%
Bergen Norvège
68%
Christchurch Nouvelle-Zélande
51%
Douala Cameroun
50%
Aucun quiz correspondant
Distribution des résultats
% des personnes avec chaque résultat
Percentile par nombre de réponses
Votre historique - résultats
Vous n’avez pas pris ce quiz